[Event "17th Caspian Cup-Masters 2019"]
[Site "Anzali"]
[Date "2019.02.15"]
[Round "4.6"]
[White "Asgari, Morteza"]
[Black "Mikaelyan, Arman"]
[Result "1/2-1/2"]
[WhiteElo "2175"]
[BlackElo "2465"]
[Annotator "ChessBase"]
[PlyCount "112"]
[EventDate "2019.02.12"]
[EventType "swiss"]
[EventRounds "9"]
[EventCountry "IRI"]
[SourceTitle "playchess.com"]
[Source "ChessBase"]
[SourceQuality "1"]
[TimeControl "5400+30"]

1. e4 {[%emt 0:00:00]} e5 {[%emt 0:00:00]} 2. Nf3 {[%emt 0:00:00]} Nc6 {[%emt 0:00:00]} 3. Bb5 {[%emt 0:00:00]} a6 {[%emt 0:00:00]} 4. Ba4 {[%emt 0:00:00]} Nf6 {[%emt 0:00:00]} 5. O-O {[%emt 0:00:06]} Be7 {[%emt 0:00:00]} 6. Re1 {[%emt 0:00:04]} b5 {[%emt 0:00:04]} 7. Bb3 {[%emt 0:00:06]} d6 {[%emt 0:00:05]} 8. c3 {[%emt 0:00:05]} O-O {[%emt 0:00:07]} 9. h3 {[%emt 0:00:02]} Nb8 {[%emt 0:00:17]} 10. d4 {[%emt 0:00:11]} Nbd7 {[%emt 0:00:07]} 11. Nbd2 {[%emt 0:00:07]} Bb7 {[%emt 0:00:07]} 12. Bc2 {[%emt 0:00:12]} Re8 {[%emt 0:00:18]} 13. Nf1 {[%emt 0:00:23]} Bf8 {[%emt 0:00:23]} 14. Ng3 {[%emt 0:00:08]} g6 {[%emt 0:00:45]} 15. a4 {[%emt 0:00:14]} c6 {[%emt 0:00:29]} 16. b3 {[%emt 0:08:26]} Qc7 {[%emt 0:01:01]} 17. Bg5 {[%emt 0:15:13]} h6 {[%emt 0:01:07]} 18. Be3 {[%emt 0:00:10]} Rad8 {[%emt 0:00:42]} 19. axb5 {[%emt 0:00:31]} cxb5 {[%emt 0:00:34]} 20. Qd2 {[%emt 0:06:00]} Rc8 {[%emt 0:00:06]} 21. c4 {[%emt 0:08:23]} Kh7 {[%emt 0:05:05]} 22. d5 {[%emt 0:03:39]} bxc4 {[%emt 0:02:07]} 23. bxc4 {[%emt 0:00:09]} Nb6 {[%emt 0:01:31]} 24. Bd3 {[%emt 0:11:08]} Nxc4 {[%emt 0:04:37]} 25. Bxc4 {[%emt 0:03:31]} Qxc4 {[%emt 0:00:10]} 26. Rec1 {[%emt 0:00:20]} Qb5 {[%emt 0:00:36]} 27. Rcb1 {[%emt 0:00:48]} Qd7 {[%emt 0:00:04]} 28. Qb4 {[%emt 0:00:47]} Re7 {[%emt 0:05:36]} 29. Nd2 {[%emt 0:02:11]} Qc7 {[%emt 0:16:26]} 30. Rc1 {[%emt 0:01:53]} Qxc1+ {[%emt 0:01:41]} 31. Rxc1 {[%emt 0:00:03]} Rxc1+ {[%emt 0:00:06]} 32. Kh2 {[%emt 0:00:28]} Rec7 {[%emt 0:01:26]} 33. Bb6 {[%emt 0:03:03]} Rc8 {[%emt 0:02:23]} 34. Be3 {[%emt 0:04:22]} Ba8 {[%emt 0:01:03]} 35. Qa4 {[%emt 0:00:58]} h5 {[%emt 0:00:49]} 36. Nf3 {[%emt 0:01:30]} R1c2 {[%emt 0:04:20]} 37. Qxa6 {[%emt 0:08:52]} Nd7 {[%emt 0:00:34]} 38. Qa4 {[%emt 0:03:07]} R2c7 {[%emt 0:00:29]} 39. Qd1 {[%emt 0:00:02]} Kg8 {[%emt 0:01:40]} 40. Nh4 {[%emt 0:03:06]} Nf6 {[%emt 0:01:39]} 41. Qf3 {[%emt 0:00:21]} Nh7 {[%emt 0:01:03]} 42. Nxh5 {[%emt 0:01:22]} gxh5 {[%emt 0:00:57]} 43. Qxh5 {[%emt 0:00:15]} Kh8 {[%emt 0:02:55]} 44. g4 {[%emt 0:02:49]} Bb7 {[%emt 0:02:55]} 45. g5 {[%emt 0:02:32]} Kg8 {[%emt 0:01:43]} 46. Nf5 {[%emt 0:00:59]} Rd8 {[%emt 0:05:56]} 47. h4 {[%emt 0:01:26]} Rc4 {[%emt 0:08:18]} 48. Qf3 {[%emt 0:11:07]} Bc8 {[%emt 0:07:30]} 49. h5 {[%emt 0:00:20]} Rd7 {[%emt 0:01:02]} 50. Kg2 {[%emt 0:02:34]} Rc3 {[%emt 0:09:44]} 51. Qg4 {[%emt 0:00:40]} Rb7 {[%emt 0:00:36]} 52. g6 {[%emt 0:00:37]} fxg6 {[%emt 0:00:21]} 53. Qxg6+ {[%emt 0:00:37]} Kh8 {[%emt 0:00:08]} 54. Nxd6 {[%emt 0:00:19]} Rg7 {[%emt 0:03:26]} 55. Nf7+ {[%emt 0:00:03]} Kg8 {[%emt 0:00:03]} 56. Nh6+ {[%emt 0:00:12]} Kh8 {[%emt 0:00:03]} 1/2-1/2

[Event "17th Caspian Cup-Masters 2019"]
[Site "Anzali"]
[Date "2019.02.15"]
[Round "4.7"]
[White "Daghli, Arash"]
[Black "Tavoosi Rad, Ramtin"]
[Result "1-0"]
[WhiteElo "2354"]
[BlackElo "2173"]
[Annotator "NA RC"]
[PlyCount "55"]
[EventDate "2019.02.12"]
[EventType "swiss"]
[EventRounds "9"]
[EventCountry "IRI"]
[SourceTitle "playchess.com"]
[Source "ChessBase"]
[SourceQuality "1"]
[TimeControl "5400+30"]

1. d4 {[%emt 0:00:00]} e6 {[%emt 0:01:52]} 2. c4 {[%emt 0:01:14]} b6 {[%emt 0:03:30]} 3. Nc3 {[%emt 0:01:35]} Bb7 {[%emt 0:00:05]} 4. e4 {[%emt 0:00:10]} Bb4 {[%emt 0:01:21]} 5. Bd3 {[%emt 0:00:18]} Ne7 {[%emt 0:10:12]} 6. Nge2 {[%emt 0:02:54]} O-O {[%emt 0:00:54]} 7. O-O {[%emt 0:01:40]} f5 {[%emt 0:07:15]} 8. e5 {[%emt 0:05:45]} Ng6 {[%emt 0:11:12]} 9. a3 {[%emt 0:02:48]} Bxc3 {[%emt 0:02:22]} 10. Nxc3 {[%emt 0:02:53]} d6 {[%emt 0:10:52]} 11. exd6 {[%emt 0:07:14]} Qxd6 {[%emt 0:04:33]} 12. d5 {[%emt 0:04:22]} e5 {[%emt 0:06:53]} 13. f3 {[%emt 0:04:50]} a5 {[%emt 0:07:40]} 14. Be3 {[%emt 0:01:19]} Na6 {[%emt 0:00:23]} 15. Qc2 {[%emt 0:02:30]} Qd7 {[%emt 0:01:31]} 16. Rab1 {[%emt 0:01:22]} e4 {[%emt 0:14:30]} 17. fxe4 {[%emt 0:00:45]} f4 {[%emt 0:00:07]} 18. Bc1 {[%emt 0:11:42]} f3 {[%emt 0:01:06]} 19. Rxf3 {[%emt 0:10:46]} Rxf3 {[%emt 0:00:12]} 20. gxf3 {[%emt 0:00:01]} Rf8 {[%emt 0:00:32]} 21. Qf2 {[%emt 0:00:34]} Ne5 {[%emt 0:09:30]} 22. Be2 {[%emt 0:00:15]} Rf6 {[%emt 0:00:22]} 23. f4 {[%emt 0:03:49]} Ng4 {[%emt 0:03:09]} 24. Bxg4 {[%emt 0:02:32]} Qxg4+ {[%emt 0:00:07]} 25. Qg3 {[%emt 0:00:56]} Qd7 {[%emt 0:01:33]} 26. f5 {[%emt 0:00:09]} Nc5 {[%emt 0:00:21]} 27. Bg5 {[%emt 0:01:49]} Rf8 {[%emt 0:00:15]} 28. b4 {[%emt 0:01:13]} 1-0

[Event "17th Caspian Cup-Masters 2019"]
[Site "Anzali"]
[Date "2019.02.15"]
[Round "4.8"]
[White "Tahbaz, Arash"]
[Black "Nadimifar, Adnan"]
[Result "1-0"]
[WhiteElo "2484"]
[BlackElo "2241"]
[Annotator "ChessBase"]
[PlyCount "126"]
[EventDate "2019.02.12"]
[EventType "swiss"]
[EventRounds "9"]
[EventCountry "IRI"]
[SourceTitle "playchess.com"]
[Source "ChessBase"]
[SourceQuality "1"]
[TimeControl "5400+30"]

1. d4 {[%emt 0:00:32]} d5 {[%emt 0:00:03]} 2. c4 {[%emt 0:00:06]} dxc4 {[%emt 0:01:47]} 3. e4 {[%emt 0:00:06]} e5 {[%emt 0:00:04]} 4. dxe5 {[%emt 0:01:56]} Qxd1+ {[%emt 0:00:24]} 5. Kxd1 {[%emt 0:00:02]} Nc6 {[%emt 0:00:53]} 6. Bxc4 {[%emt 0:02:03]} Nxe5 {[%emt 0:00:12]} 7. Be2 {[%emt 0:00:05]} Bg4 {[%emt 0:03:13]} 8. f3 {[%emt 0:08:25]} O-O-O+ {[%emt 0:00:12]} 9. Ke1 {[%emt 0:00:09]} Be6 {[%emt 0:01:02]} 10. Be3 {[%emt 0:00:05]} Nd3+ {[%emt 0:06:15]} 11. Bxd3 {[%emt 0:00:09]} Rxd3 {[%emt 0:00:02]} 12. Kf2 {[%emt 0:00:09]} Rd1 {[%emt 0:06:57]} 13. Ke2 {[%emt 0:02:10]} Rd7 {[%emt 0:00:02]} 14. Nc3 {[%emt 0:00:46]} Ne7 {[%emt 0:02:25]} 15. f4 {[%emt 0:02:28]} Nc6 {[%emt 0:08:02]} 16. Nf3 {[%emt 0:01:35]} Be7 {[%emt 0:01:39]} 17. Rhd1 {[%emt 0:01:31]} Rhd8 {[%emt 0:00:28]} 18. Rxd7 {[%emt 0:00:04]} Rxd7 {[%emt 0:00:08]} 19. b3 {[%emt 0:00:59]} f6 {[%emt 0:02:04]} 20. h3 {[%emt 0:00:30]} b6 {[%emt 0:06:38]} 21. g4 {[%emt 0:04:30]} Bf7 {[%emt 0:02:40]} 22. Rg1 {[%emt 0:01:07]} Nb4 {[%emt 0:00:52]} 23. h4 {[%emt 0:04:46]} Nc2 {[%emt 0:06:13]} 24. Bf2 {[%emt 0:00:29]} c5 {[%emt 0:01:03]} 25. f5 {[%emt 0:01:49]} Nd4+ {[%emt 0:06:08]} 26. Bxd4 {[%emt 0:00:28]} cxd4 {[%emt 0:00:05]} 27. Nb5 {[%emt 0:00:59]} d3+ {[%emt 0:00:50]} 28. Ke3 {[%emt 0:00:04]} a5 {[%emt 0:10:07]} 29. Rd1 {[%emt 0:00:28]} a4 {[%emt 0:01:20]} 30. e5 {[%emt 0:00:03]} fxe5 {[%emt 0:11:54]} 31. Nxe5 {[%emt 0:00:17]} Rd5 {[%emt 0:02:44]} 32. Na7+ {[%emt 0:08:05]} Kb7 {[%emt 0:00:11]} 33. Nxf7 {[%emt 0:00:06]} axb3 {[%emt 0:02:15]} 34. axb3 {[%emt 0:01:50]} Bc5+ {[%emt 0:01:07]} 35. Ke4 {[%emt 0:00:14]} Rd4+ {[%emt 0:00:05]} 36. Kf3 {[%emt 0:00:05]} Kxa7 {[%emt 0:05:59]} 37. Ne5 {[%emt 0:00:03]} Rd5 {[%emt 0:00:22]} 38. Nxd3 {[%emt 0:00:39]} h5 {[%emt 0:01:24]} 39. g5 {[%emt 0:07:18]} Rxf5+ {[%emt 0:00:24]} 40. Ke4 {[%emt 0:00:03]} Rf7 {[%emt 0:01:07]} 41. Nxc5 {[%emt 0:02:11]} bxc5 {[%emt 0:00:12]} 42. Rd6 {[%emt 0:00:04]} Kb7 {[%emt 0:03:43]} 43. Kd5 {[%emt 0:00:52]} Rf5+ {[%emt 0:01:24]} 44. Kc4 {[%emt 0:00:02]} Rf4+ {[%emt 0:01:44]} 45. Kxc5 {[%emt 0:00:03]} Rxh4 {[%emt 0:00:07]} 46. Rd7+ {[%emt 0:00:13]} Kc8 {[%emt 0:00:04]} 47. Rxg7 {[%emt 0:00:06]} Rg4 {[%emt 0:01:34]} 48. Kc6 {[%emt 0:25:18]} Kd8 {[%emt 0:00:08]} 49. Kd6 {[%emt 0:00:02]} Ke8 {[%emt 0:00:06]} 50. Ke6 {[%emt 0:03:58]} Kf8 {[%emt 0:00:36]} 51. Rb7 {[%emt 0:00:50]} h4 {[%emt 0:02:37]} 52. Kf6 {[%emt 0:00:04]} Rf4+ {[%emt 0:00:07]} 53. Kg6 {[%emt 0:00:03]} h3 {[%emt 0:01:07]} 54. Rb8+ {[%emt 0:00:05]} Ke7 {[%emt 0:00:04]} 55. Rh8 {[%emt 0:00:06]} Rf3 {[%emt 0:00:07]} 56. b4 {[%emt 0:00:10]} Rb3 {[%emt 0:00:30]} 57. Kg7 {[%emt 0:00:06]} Ke6 {[%emt 0:00:08]} 58. Kg6 {[%emt 0:03:11]} Ke5 {[%emt 0:01:02]} 59. Rh4 {[%emt 0:00:02]} Rc3 {[%emt 0:01:42]} 60. b5 {[%emt 0:00:46]} Rb3 {[%emt 0:00:12]} 61. Kh6 {[%emt 0:00:58]} Ke6 {[%emt 0:01:50]} 62. g6 {[%emt 0:00:18]} Rf3 {[%emt 0:01:35]} 63. g7 {[%emt 0:00:32]} Kd5 1-0

[Event "17th Caspian Cup-Masters 2019"]
[Site "Anzali"]
[Date "2019.02.15"]
[Round "4.9"]
[White "Mirzoev, Azer"]
[Black "Sedaghati, Mehrdad"]
[Result "1-0"]
[WhiteElo "2483"]
[BlackElo "2219"]
[Annotator "ChessBase"]
[PlyCount "81"]
[EventDate "2019.02.12"]
[EventType "swiss"]
[EventRounds "9"]
[EventCountry "IRI"]
[SourceTitle "playchess.com"]
[Source "ChessBase"]
[SourceQuality "1"]
[TimeControl "5400+30"]

1. d4 {[%emt 0:00:00]} Nf6 {[%emt 0:00:40]} 2. Nf3 {[%emt 0:00:00]} e6 {[%emt 0:00:17]} 3. c4 {[%emt 0:00:00]} b6 {[%emt 0:00:45]} 4. Nc3 {[%emt 0:00:00]} Bb7 {[%emt 0:00:07]} 5. Qc2 {[%emt 0:00:07]} Bb4 {[%emt 0:04:07]} 6. a3 {[%emt 0:00:05]} Bxc3+ {[%emt 0:00:06]} 7. Qxc3 {[%emt 0:00:02]} Ne4 {[%emt 0:01:15]} 8. Qc2 {[%emt 0:00:04]} O-O {[%emt 0:00:40]} 9. g3 {[%emt 0:00:06]} f5 {[%emt 0:17:19]} 10. Bg2 {[%emt 0:00:41]} Qc8 {[%emt 0:00:11]} 11. O-O {[%emt 0:00:10]} Nf6 {[%emt 0:00:53]} 12. Rd1 {[%emt 0:00:48]} Be4 {[%emt 0:01:33]} 13. Qc3 {[%emt 0:01:31]} d6 {[%emt 0:02:14]} 14. b3 {[%emt 0:00:33]} Nbd7 {[%emt 0:00:31]} 15. Bb2 {[%emt 0:00:05]} Qb7 {[%emt 0:00:33]} 16. Rac1 {[%emt 0:00:13]} Rae8 {[%emt 0:11:23]} 17. Bf1 {[%emt 0:03:50]} Qb8 {[%emt 0:06:19]} 18. b4 {[%emt 0:14:45]} Ba8 {[%emt 0:06:14]} 19. d5 {[%emt 0:03:36]} e5 {[%emt 0:03:03]} 20. Qc2 {[%emt 0:01:30]} g6 {[%emt 0:04:17]} 21. Bg2 {[%emt 0:04:15]} Bb7 {[%emt 0:02:53]} 22. Ng5 {[%emt 0:02:03]} Re7 {[%emt 0:03:56]} 23. e3 {[%emt 0:02:04]} Rfe8 {[%emt 0:00:29]} 24. f4 {[%emt 0:07:48]} Bc8 {[%emt 0:06:45]} 25. h3 {[%emt 0:01:41]} Nh5 {[%emt 0:03:25]} 26. Kh2 {[%emt 0:04:41]} Ng7 {[%emt 0:07:30]} 27. Ba1 {[%emt 0:00:51]} Bb7 {[%emt 0:00:47]} 28. Qd2 {[%emt 0:18:16]} Qa8 {[%emt 0:01:04]} 29. fxe5 {[%emt 0:02:22]} Nxe5 {[%emt 0:00:28]} 30. e4 {[%emt 0:00:15]} Rf8 {[%emt 0:05:47]} 31. Rf1 {[%emt 0:02:08]} Qe8 {[%emt 0:01:52]} 32. exf5 {[%emt 0:01:50]} Rxf5 {[%emt 0:00:34]} 33. Rxf5 {[%emt 0:03:37]} Nxf5 {[%emt 0:00:34]} 34. Ne4 {[%emt 0:01:21]} Qa4 {[%emt 0:05:03]} 35. Qc3 {[%emt 0:03:52]} Rf7 {[%emt 0:03:12]} 36. g4 {[%emt 0:03:30]} Ne7 {[%emt 0:00:27]} 37. Qe3 {[%emt 0:01:43]} Qd7 {[%emt 0:00:43]} 38. Ng5 {[%emt 0:01:02]} Rf6 {[%emt 0:00:30]} 39. Bxe5 {[%emt 0:00:25]} dxe5 {[%emt 0:00:03]} 40. Qxe5 {[%emt 0:00:07]} Rf2 {[%emt 0:00:56]} 41. Ne4 {[%emt 0:01:01]} 1-0

[Event "17th Caspian Cup-Masters 2019"]
[Site "Anzali"]
[Date "2019.02.15"]
[Round "5.1"]
[White "Mosadeghpour, Masoud"]
[Black "Grigoryan, Karen H."]
[Result "1-0"]
[WhiteElo "2531"]
[BlackElo "2590"]
[Annotator "TA"]
[PlyCount "57"]
[EventDate "2019.02.12"]
[EventType "swiss"]
[EventRounds "9"]
[EventCountry "IRI"]
[SourceTitle "playchess.com"]
[Source "ChessBase"]
[SourceQuality "1"]

{[%evp 19,57,18,45,35,27,15,31,31,38,22,33,29,48,40,44,54,91,116,96,97,168,158,363,365,475,455,813,822,830,825,807,785,1913,1891,1834,1845,1835,1833,1483,1468]} 1. e4 e5 2. Nf3 Nc6 3. Bb5 a6 4. Ba4 Nf6 5. O-O Be7 6. Re1 b5 7. Bb3 O-O 8. h3 Bb7 9. d3 d6 10. c3 Nd7 11. Be3 {C92: Closed Ruy Lopez: 9...Be6, Karpov and Flohr-Zaitsev Variations} (11. Nbd2 Nc5 12. Bc2 Ne6 13. Nf1 Bf6 14. Ng3 g6 15. Be3 Bg7 16. d4 Na5 17. b3 c5 18. d5 Nf4 {0-1 (46) Zhigalko,S (2655)-Kovalev,V (2546) Minsk 2015}) 11... Na5 $146 ({Predecessor:} 11... h6 12. Nbd2 Kh8 13. Nf1 f5 14. exf5 Rxf5 15. Ng3 Rf8 16. Qd2 Na5 17. Bxh6 Nxb3 18. axb3 Bxf3 19. gxf3 {0-1 (52) Orfali,M (2035)-Cordner,G Dos Hermanas 2004}) 12. Bc2 d5 13. exd5 {White is slightly better.} Bxd5 {[#]} 14. c4 $1 {[%mdl 512]} Bb7 (14... bxc4 15. Nc3) 15. Nc3 e4 16. Nd4 $36 {[%mdl 2048] Black is under pressure.} Ne5 17. cxb5 exd3 18. Bxd3 Nxd3 19. Qxd3 axb5 (19... Re8 $16) 20. Qxb5 $18 Ra6 $2 (20... Re8 $16 21. Bg5 Qxd4) 21. Nf5 Rg6 22. g3 {White is clearly winning.} (22. Qxa5 Rxg2+ 23. Kf1 Qd3+ 24. Ne2 Rh2 $11) 22... Ra6 (22... Bd6 $142 23. Qxa5 Qd7) 23. Nxe7+ Qxe7 24. Bc5 {[%mdl 64] [#] Pin, Skewer} Qf6 25. Re8 {[%csl Gc5][%cal Re8f8]} Rd6 26. Nd5 Bxd5 27. Rxf8+ Kxf8 28. Qb8+ {[%mdl 64] Double Attack} Ke7 29. Re1+ {Accuracy: White = 88%, Black = 35%.} 1-0

[Event "17th Caspian Cup-Masters 2019"]
[Site "Anzali"]
[Date "2019.02.15"]
[Round "5.2"]
[White "Bernadskiy, Vitaliy"]
[Black "Mousavi, Seyed Khalil"]
[Result "1-0"]
[WhiteElo "2570"]
[BlackElo "2485"]
[Annotator "TA"]
[PlyCount "85"]
[EventDate "2019.02.12"]
[EventType "swiss"]
[EventRounds "9"]
[EventCountry "IRI"]
[SourceTitle "playchess.com"]
[Source "ChessBase"]
[SourceQuality "1"]

{[%evp 18,85,37,21,20,10,27,7,54,37,118,97,135,97,108,114,94,13,5,8,18,41,54,92,98,98,391,69,119,109,295,297,395,372,650,645,631,643,622,603,700,690,623,604,609,594,603,591,872,858,809,827,554,884,1529,1529,1484,1465,1335,1290,1197,1187,1179,1131,1391,1350,29986,29987,29994,29995]} 1. Nf3 c5 2. e4 e6 3. d4 cxd4 4. Nxd4 Nf6 5. Nc3 Nc6 6. Be2 Qc7 7. Be3 a6 8. O-O d6 9. f4 Bd7 10. Kh1 b5 {B84: Sicilian Scheveningen: 6 Be2 a6, lines without early Be3} 11. a3 Be7 12. Qe1 h5 {The position is equal.} (12... O-O 13. Qg3 b4 14. Nxc6 Bxc6 15. axb4 Nxe4 16. Nxe4 Bxe4 17. c3 a5 18. Bd4 g6 19. b5 d5 20. Qe3 Qb7 21. Ra4 {1-0 (33) Harikrishna,P (2729)-Liang,J (2452) China 2018}) 13. Nf3 g6 $146 (13... b4 $14 14. axb4 O-O) ({Predecessor:} 13... Rb8 14. b4 Ng4 15. Bd2 Bf6 16. Rc1 Nd4 17. Nxd4 Bxd4 18. Nd1 Bc6 19. Bf3 {½-½ (19) Lobzhanidze,D (2425)-Meskovs,N (2493) Germany 2016}) 14. Rd1 h4 15. Nxh4 b4 16. axb4 Nxb4 17. Rd2 ({Better is} 17. Qg3 $16) 17... Bc6 $11 18. Nf3 $36 {[%mdl 2048] Strongly threatening Bd4. White has some pressure.} Bxe4 19. Bd1 Bb7 20. Bd4 Kf8 21. Ng5 $1 Kg8 $2 {[%mdl 8192] [#]} (21... Rb8 $16) 22. Bf3 $2 (22. Nxe6 $1 $18 {[%mdl 512]} Qc4 (22... fxe6 23. Qxe6+) 23. Ng5) 22... Bxf3 23. Rxf3 {Black must now prevent Nxe6!} ({Of course not} 23. Nxf3 $6 Nc6 $11) 23... Qc4 $2 {[#]} (23... Rf8 $16) 24. b3 $1 $18 {[%cal Rb3c4]} Qc7 {[#]} 25. Nxe6 $1 {[%mdl 512]} fxe6 $2 (25... Qd7 26. f5 Rc8 27. fxg6 fxe6 28. Bxf6 (28. Rxf6 Bxf6 29. Bxf6 Rh6 $16) 28... Rh5) 26. Qxe6+ {[%mdl 64] Double Attack} Kg7 27. Bxf6+ {[%mdl 64] Overworked Piece} Bxf6 28. Rxd6 Qe7 {...Qxe6 is the strong threat.} 29. Rd7 Rhe8 30. h3 Rad8 31. Rxe7+ Rxe7 32. Qg4 Nxc2 33. Rg3 g5 34. Qh5 Re1+ 35. Kh2 Ne3 36. Rxg5+ Kf8 37. Qh6+ {[%mdl 64] Double Attack} Kf7 38. Qh7+ Ke6 39. f5+ Ke5 40. Qc7+ Kd4 41. Qb6+ {[%mdl 64] Double Attack} Ke5 42. Qe6+ Kf4 43. g3+ {Accuracy: White = 65%, Black = 29%.} (43. Qxf6 $2 {is a self mate.} Nf1+ 44. Kh1 Ng3+ {[%mdl 64] Discovered Attack (Double check)} 45. Kh2 Rh1#) 1-0

[Event "17th Caspian Cup-Masters 2019"]
[Site "Anzali"]
[Date "2019.02.15"]
[Round "5.3"]
[White "Malakhatko, Vadim"]
[Black "Daghli, Arash"]
[Result "1-0"]
[WhiteElo "2525"]
[BlackElo "2354"]
[Annotator "TA"]
[PlyCount "77"]
[EventDate "2019.02.12"]
[EventType "swiss"]
[EventRounds "9"]
[EventCountry "IRI"]
[SourceTitle "playchess.com"]
[Source "ChessBase"]
[SourceQuality "1"]

{[%evp 16,77,47,32,41,41,54,38,38,38,65,35,40,36,68,76,88,70,53,76,150,160,270,296,229,132,248,172,174,129,140,97,131,133,141,141,142,146,150,110,103,110,147,146,325,319,366,268,382,370,350,257,375,375,369,362,375,375,375,357,362,311,29995,979]} 1. d4 Nf6 2. c4 g6 3. Nc3 Bg7 4. e4 d6 5. Nf3 O-O 6. Be2 e5 7. O-O Nc6 8. d5 Ne7 9. a4 Nh5 {E97: King's Indian: Classical Main Line (6...e5 7 0-0 Nc6): 8 Be3 and 8 d5 Ne7, not 9 Ne1} (9... a5 10. Ne1 Nd7 11. Nd3 f5 12. f3 Kh8 13. Be3 b6 14. g4 Ng8 15. Qd2 f4 16. Bf2 h5 17. h3 Nc5 18. Nxc5 bxc5 19. Nb5 Bh6 20. Ra3 {0-1 (57) Popov,V (2532)-Grischuk,A (2771) St Petersburg 2018}) 10. a5 f5 11. a6 $146 ({Predecessor:} 11. Ng5 Nf6 12. Bf3 h6 13. Ne6 Bxe6 14. dxe6 c6 15. Qb3 Qc8 16. Rd1 Rd8 17. c5 fxe4 18. cxd6 exf3 19. dxe7 Rxd1+ 20. Nxd1 {½-½ (69) Kashlinskaya,A (2459)-Dordzhieva,D (2294) Moscow 2018}) 11... bxa6 {White is slightly better.} 12. c5 Nf4 13. Bc4 fxe4 14. Ng5 h6 15. Ngxe4 Rb8 16. cxd6 cxd6 17. Bxa6 Qb6 ({Better is} 17... Nf5) 18. Bxc8 $16 Rbxc8 {[#]} (18... Nxc8 $16 {was necessary.} 19. g3 Nh5) 19. g3 $1 $18 Nh5 20. Qd3 (20. Be3 $18 Qxb2 21. Rb1 (21. Rxa7 Nf5 $16)) 20... Nf5 (20... a5 $16 {is a better defense.}) 21. Ra6 Qd4 22. Rd1 {And now g4 would win.} Nf6 23. Be3 Qb4 24. Bxa7 Nxe4 25. Nxe4 Qxb2 26. Nxd6 Rc3 27. Qb1 Qxb1 28. Rxb1 Rd3 29. Ne4 {Black must now prevent Bc5.} g5 $2 (29... Rxd5 $16 {might work better.} 30. Rxg6 Ra5) 30. d6 Rd8 {[%cal Rf5d6]} 31. Bb8 Nd4 (31... Rf8 {was called for.} 32. Ba7 Rf7) 32. Bc7 Rf8 33. Ra7 g4 (33... Rf7 $142 34. Kg2 Ne6 35. Rb8+ Nf8) 34. Kg2 Nf3 35. Ba5 Rd4 36. d7 Rxe4 37. d8=Q Rxd8 38. Bxd8 {Intending Bf6! and mate.} h5 $2 {[#]} (38... Re1 $18 39. Rxe1 Nxe1+ 40. Kf1 Nf3) 39. Rb8 {Accuracy: White = 63%, Black = 34%.} (39. Bf6 $142 $1 {[%mdl 512]} Bf8 (39... Bxf6 40. Rb8+) 40. Rb8 Nh4+ 41. gxh4 Rf4 42. Rg7+ Kh8 43. Rxf8#) 1-0

[Event "17th Caspian Cup-Masters 2019"]
[Site "Anzali"]
[Date "2019.02.15"]
[Round "5.4"]
[White "Sheykhali, Mohammadreza"]
[Black "Tahbaz, Arash"]
[Result "0-1"]
[WhiteElo "2203"]
[BlackElo "2484"]
[Annotator "TA"]
[PlyCount "56"]
[EventDate "2019.02.12"]
[EventType "swiss"]
[EventRounds "9"]
[EventCountry "IRI"]
[SourceTitle "playchess.com"]
[Source "ChessBase"]
[SourceQuality "1"]

{[%evp 9,56,-10,-5,-36,-36,-36,-29,-30,-30,-18,-15,-40,-36,-60,-55,-87,-51,-48,-42,-46,-32,-52,-44,-54,-46,-68,-75,-75,-75,-69,-64,-240,-248,-255,-247,-255,-246,-263,-262,-260,-241,-266,-260,-256,-241,-256,-259,-341,-339]} 1. Nf3 c5 2. c4 Nc6 3. b3 e5 4. d3 (4. Bb2 e4 5. Ng1 Nf6 6. Nc3 Be7 7. g3 O-O 8. Bg2 Re8 9. Nh3 d5 10. cxd5 Nxd5 11. Nxe4 Bf5 12. Nc3 {0-1 (31) Svidler,P (2759)-Vachier Lagrave,M (2798) Biel 2016}) 4... Nge7 5. Bb2 f6 6. e3 $146 {A30: Symmetrical English: Double Fianchetto and Hedgehog} ({Predecessor:} 6. e4 d6 7. h3 g6 8. Nc3 Bg7 9. Be2 O-O 10. g4 Kh8 11. Qd2 Ng8 {0-1 (34) Habibi,A (2283)-Felgaer,R (2569) Calvia 2004}) 6... d5 7. cxd5 Nxd5 8. Be2 {Black has an edge.} Be6 9. O-O Qd7 10. a3 Be7 11. Qc2 Rc8 12. Rd1 O-O 13. Nbd2 Rfd8 14. Rac1 b5 15. Ne4 Na5 16. Nfd2 Qe8 17. Rb1 Qf7 18. Ng3 Nb6 {[%cal Ra5b3]} 19. Bc3 Nc6 20. Bh5 $2 (20. Ba1 $15) 20... g6 $19 21. Be2 {[#]} Nd4 $1 {[%mdl 512]} 22. Bxd4 (22. exd4 cxd4) 22... cxd4 ({Not} 22... exd4 23. e4 $17) 23. Qb2 dxe3 24. fxe3 Nd5 25. Rdc1 Nxe3 {White must now prevent ...Bc5.} 26. b4 Bd5 27. Nf3 Qe6 28. Qd2 Qb6 {Accuracy: White = 48%, Black = 86%.} 0-1